| 000 | 00637nam a2200217 u 4500 | ||
|---|---|---|---|
| 005 | 20240912063830.0 | ||
| 008 | 081020s2013 ag r 000 0 spa d | ||
| 020 | _a9788492595631 | ||
| 035 | _aUPN01000163770 | ||
| 049 | _aI | ||
| 050 | 4 |
_aPZ71 _bR6.36 |
|
| 100 | 1 |
_aRoldán, Gustavo, _d1965- _940752 |
|
| 245 | 1 | 0 |
_aCómo reconocer a un monstruo / _cGustavo Roldán. |
| 250 | _a2a ed. | ||
| 260 |
_aBarcelona, Esp. : _bThule, _c2013. |
||
| 300 |
_a[26] p. : _bprincipalmente il. col. |
||
| 440 | 0 | _aTrampantojo | |
| 650 | 4 |
_aMONSTRUOS EN LA LITERATURA _98839 |
|
| 650 | 4 |
_aCuentos infantiles argentinos _97466 |
|
| 905 | _aInfantil | ||
| 999 |
_c135883 _d135883 |
||